A comparative internacional analysis of the impact of accounting standars on fundamental accounting variables: the USA versus Latin America /

में बचाया:
ग्रंथसूची विवरण
मुख्य लेखक: Palacios Manzano, Mercedes
अन्य लेखक: Martínez Conesa, Isabel, Marín Hernández, Salvador
स्वरूप: मूलपाठ
विषय:
टैग: टैग जोड़ें
कोई टैग नहीं, इस रिकॉर्ड को टैग करने वाले पहले व्यक्ति बनें!

MARC

LEADER 00000 a a2200000 04500
001 13015
003
040
100 |a Palacios Manzano, Mercedes  
245 |a A comparative internacional analysis of the impact of accounting standars on fundamental accounting variables: the USA versus Latin America /  |c Mercedes Palacios Manzano ; Isabel Martínez Conesa ; Salvador Marín Hernández 
650 |a CONTABILIDAD  
650 |a COMERCIO INTERNACIONAL  
650 |a PAISES DESARROLLADOS  
650 |a EMPRESAS  
650 |a AMERICA LATINA  
650 |a ESTADOS UNIDOS  
700 |a Martínez Conesa, Isabel  
700 |a Marín Hernández, Salvador  
773 |g volumen 38, número 149; páginas 137-157  
999 |c 36584  |d 36584